Central Library OPAC University of Rajshahi

سفر نامہ روم و مصر و شام ;; A travelogue of Rome and Misr o sham / (Record no. 83703)

MARC details
000 -LEADER
fixed length control field 00682nam a22002057a 4500
001 - CONTROL NUMBER
control field 83703
003 - CONTROL NUMBER IDENTIFIER
rucl marc code BD-RjUL
005 - DATE AND TIME OF LATEST TRANSACTION
control field 20240509122223.0
008 - FIXED-LENGTH DATA ELEMENTS--GENERAL INFORMATION
fixed length control field 240509s1928 ii ||||| |||| 00| 0 urd d
035 ## - SYSTEM CONTROL NUMBER
System control number (BD-RjUL)83703
040 ## - CATALOGING SOURCE
Original cataloging agency BD-RjUL
Language of cataloging eng
Transcribing agency BD-RjUL
041 ## - LANGUAGE CODE
Language code of text/sound track or separate title urd
082 ## - DEWEY DECIMAL CLASSIFICATION NUMBER
Edition number 23
Classification number 914.563
Author mark and year SHS 1928
100 ## - MAIN ENTRY--PERSONAL NAME
Personal name شبلی نعمانی ;; Shibli Numani
9 (RLIN) 12934
245 ## - TITLE STATEMENT
Title سفر نامہ روم و مصر و شام ;; A travelogue of Rome and Misr o sham /
Statement of responsibility, etc. شبلی نعمانی ;; Shibli Numani
264 ## - PRODUCTION, PUBLICATION, DISTRIBUTION, MANUFACTURE, AND COPYRIGHT NOTICE
Place of production, publication, distribution, manufacture دہلی :
Name of producer, publisher, distributor, manufacturer ,مہتاب پریس، دہلی
Date of production, publication, distribution, manufacture, or copyright notice 1928
300 ## - PHYSICAL DESCRIPTION
Pagination 242 p. ;
Size 23 cm
650 ## - SUBJECT ADDED ENTRY--TOPICAL TERM
Topical term or geographic name as entry element Tavels
Geographic subdivision Rome, Misr ,Sham
9 (RLIN) 12935
942 ## - ADDED ENTRY ELEMENTS (KOHA)
Source of classification or shelving scheme Dewey Decimal Classification
Koha item type Books
Holdings
Lost status Source of classification or shelving scheme Damaged status Not for loan Collection code Permanent Location Current Location Shelving location Date acquired Total Checkouts Full call number Date last seen Copy number Koha item type
  Dewey Decimal Classification   Not For Loan Non-fiction Central Library, University of Rajshahi Central Library, University of Rajshahi Reading Room 09/05/2024   U 914.563 SHS 1928 09/05/2024 C-1 Books